Construcción racional de la casa

-д хадгалсан:
Номзүйн дэлгэрэнгүй
Үндсэн зохиолч: Griffini, E. A (Зохиогч)
Формат: Ном
Хэл сонгох:испани
Хэвлэсэн: Barcelona Hoepli 1950
Нөхцлүүд:
Шошгууд: Шошго нэмэх
Шошго байхгүй, Энэхүү баримтыг шошголох эхний хүн болох!

MARC

LEADER 00000nam a2200000 a 4500
001 UCV9126
003 CL-VaPUC
008 920525e19500000SP |||||||||||||||||spa|d
082 0 4 |a 690.83  |b GRI  |2 21 
100 0 |a Griffini, E. A  |e author  |9 303123 
245 1 0 |a Construcción racional de la casa 
300 |a 2 v 
942 |c BK 
945 |d 19920525 00:00:00 
260 |a Barcelona  |b Hoepli  |c 1950 
500 |a v.1: Distribución, organización, unificación de las casas nuevas. Orientaciones 
500 |a v.2: Nuevos sistemas de construcción. Nuevos materiales. Trabajos de acabado 
650 0 |a Construcción de viviendas   |9 266842 
650 0 |a Viviendas  |x Diseño y construcción  |9 267645 
650 0 |a Manuales  |9 257144 
583 |a last modification  |c 19920525 00:00:00  |k Rodrigo Vera 
999 |c 214509  |d 214507 
952 |0 0  |1 0  |4 0  |6 690_830000000000000_GRI_1950  |7 0  |8 A  |9 197944  |a BIBARQ  |b BIBARQ  |d 2019-11-14  |h v.1  |i 2655640  |o 690.83 GRI 1950  |p 2655640  |r 2025-01-20  |w 2019-11-14  |y BK  |k ARQ 
952 |0 0  |1 0  |4 0  |6 690_830000000000000_GRI_1950  |7 0  |8 A  |9 197945  |a BIBARQ  |b BIBARQ  |d 2019-11-14  |h v.2  |i 2655659  |o 690.83 GRI 1950  |p 2655659  |r 2025-01-20  |w 2019-11-14  |y BK  |k ARQ